| 000 | 00319nam a22001217a 4500 | ||
|---|---|---|---|
| 082 | _a297.1225 UMM | ||
| 100 |
_aUmme Warda _969539 |
||
| 245 | _aAllah ka paigham-e-mohabbat | ||
| 260 |
_aIndia _bEducational Publishing House India _c2017 |
||
| 300 | _a1166 | ||
| 650 |
_aAllah Ka Paigham-e-Mohabbat _969540 |
||
| 942 | _cBK | ||
| 999 |
_c576778 _d576778 |
||